00550cam a22002054a 45000010009000000050017000090080041000260100017000670200028000840400018001120410008001300420008001380430012001460800008001580820016001661000007001821010008001892450083001975040064002801184926320180109041805.0991123s2000 nyua b 001 0 eng  a 99059633  a0066620635 (alk. paper) aDLCcDLCdDLC aeng apcc an-us--- a65800a658 BOU2211 a58 aBIZ10aCracking the value code :cby Richard E.S. Boulton, Barry Libert, Steve Samek. aIncludes bibliographical references (p. 251-258) and index.